000 00296nam a2200133Ia 4500
100 _aDay M/ Neff K
942 _cBK
654 _aComputer
245 _aTrouble shooting Netware for the 386
260 _bBPB Pub
_aNew Delhi
_c1993
082 _a4.68
_bPAN
546 _aENGLISH
999 _c28265
_d28265